The passive solar design and construction handbook / (Record no. 548874)
[ view plain ]
| 000 -LEADER | |
|---|---|
| fixed length control field | 00873cam a2200229 a 4500 |
| 020 ## - INTERNATIONAL STANDARD BOOK NUMBER | |
| International Standard Book Number | 0471183083 (cloth : acidfree paper) |
| 082 00 - DEWEY DECIMAL CLASSIFICATION NUMBER | |
| Classification number | 690/.8370472 |
| Author Mark | WIN |
| -- | L-NUST, P-22 |
| 100 ## - MAIN ENTRY--PERSONAL NAME | |
| Personal name | Wiley John |
| 9 (RLIN) | 40972 |
| 245 04 - TITLE STATEMENT | |
| Title | The passive solar design and construction handbook / |
| Statement of responsibility, etc. | John Wiley |
| 260 ## - PUBLICATION, DISTRIBUTION, ETC. | |
| Place of publication, distribution, etc. | New York : |
| Name of publisher, distributor, etc. | Wiley, |
| Date of publication, distribution, etc. | c1997. |
| 300 ## - PHYSICAL DESCRIPTION | |
| Extent | ix, 291 p. : |
| Other physical details | ill. ; |
| Dimensions | 29 cm. |
| 526 ## - STUDY PROGRAM INFORMATION NOTE | |
| Program name | 0 |
| Interest level | 0 |
| Reading level | 0 |
| Title point value | 690_837047200000000_WIN |
| 650 #0 - SUBJECT ADDED ENTRY--TOPICAL TERM | |
| Topical term or geographic name entry element | MCE |
| 9 (RLIN) | 379 |
| 650 #0 - SUBJECT ADDED ENTRY--TOPICAL TERM | |
| Topical term or geographic name entry element | Solar energy |
| General subdivision | Passive systems. |
| 9 (RLIN) | 45323 |
| 650 #0 - SUBJECT ADDED ENTRY--TOPICAL TERM | |
| Topical term or geographic name entry element | Solar houses |
| General subdivision | Design and construction. |
| 9 (RLIN) | 31989 |
| 700 1# - ADDED ENTRY--PERSONAL NAME | |
| Personal name | Crosbie, Michael J. |
| 710 2# - ADDED ENTRY--CORPORATE NAME | |
| Corporate name or jurisdiction name as entry element | Steven Winter Associates. |
| 9 (RLIN) | 45324 |
| 856 4# - ELECTRONIC LOCATION AND ACCESS | |
| Uniform Resource Identifier | <a href="http://www.loc.gov/catdir/toc/onix05/97021327.html">http://www.loc.gov/catdir/toc/onix05/97021327.html</a> |
| 856 42 - ELECTRONIC LOCATION AND ACCESS | |
| Uniform Resource Identifier | <a href="http://www.loc.gov/catdir/bios/wiley042/97021327.html">http://www.loc.gov/catdir/bios/wiley042/97021327.html</a> |
| 856 42 - ELECTRONIC LOCATION AND ACCESS | |
| Uniform Resource Identifier | <a href="http://www.loc.gov/catdir/description/wiley034/97021327.html">http://www.loc.gov/catdir/description/wiley034/97021327.html</a> |
| 942 ## - ADDED ENTRY ELEMENTS (KOHA) | |
| Source of classification or shelving scheme | |
| Koha item type | Book |
| Withdrawn status | Lost status | Source of classification or shelving scheme | Damaged status | Not for loan | Permanent Location | Current Location | Date acquired | Total Checkouts | Full call number | Barcode | Date last seen | Price effective from | Koha item type |
|---|---|---|---|---|---|---|---|---|---|---|---|---|---|
| Military College of Engineering (MCE) | Military College of Engineering (MCE) | 09/09/2014 | 690/.8370472 WIN | MCE-44143 | 09/09/2014 | 09/09/2014 | Book |
